| 000 | 00979nam a22003137a 4500 | ||
|---|---|---|---|
| 003 | CHAP | ||
| 005 | 20220329140419.0 | ||
| 008 | 971013s1975 r 00010 d | ||
| 010 | _a51629 | ||
| 011 | _a52601 | ||
| 035 | _a56751 | ||
| 040 | _cCHAP | ||
| 090 | _aTesis | ||
| 100 | 0 | 0 |
_aTrava Manzanilla, José Luis. _9114705 |
| 245 | _aAllocating available irrigation water on the farm | ||
| 260 |
_aFort Collins, Colo. : _bThe author, _c1975 |
||
| 300 |
_a102 h. _b: gráfs. |
||
| 502 | _aTesis (Doctor of Philosophy) -- Colorado State University | ||
| 590 |
_aALEPH _b10 _c20130110 _lUCH01 _h1327 |
||
| 590 |
_aBATCH-UPD _b10 _c20130110 _lUCH01 _h1109 |
||
| 590 |
_aBATCH-UPD _b10 _c20130410 _lUCH01 _h0700 |
||
| 590 |
_aBATCH-UPD _b10 _c20130914 _lUCH01 _h1655 |
||
| 590 |
_aCONVERSION _b10 _c20130109 _lUCH01 _h1328 |
||
| 650 | 1 | 4 |
_aAgua para irrigacion. _92430 |
| 650 | 1 | 4 |
_aIrrigación. _960366 |
| 901 | _aBK | ||
| 942 | _cTESIS | ||
| 949 |
_bBC _cTES _d-123838 _eTS1 _i56751 _si |
||
| 999 |
_c51629 _d51629 |
||